LEADER 01041nam0-22003491i-450- 001 990004028180403321 005 20110505154325.0 010 $a88-8091-193-7 035 $a000402818 035 $aFED01000402818 035 $a(Aleph)000402818FED01 035 $a000402818 100 $a19990604d1995----km-y0itay50------ba 101 0 $aita 105 $af-------00--- 200 1 $a<>bosco nel medioevo$fa cura di Bruno Andreolli e Massimo Montanari 210 $aBologna$cCLUEB$d1995 215 $a295 p., tav.$d22 cm 225 1 $aMosaici$v4 610 0 $aBoschi e foreste$aUtilizzazione$aItalia$aSec. 11.-14. 610 0 $aPaesaggio agrario$aItalia$aSec. 11.-14. 676 $a333.750945$v21$zita 676 $a940.1$v21$zita 702 1$aAndreolli,$bBruno$f<1949- > 702 1$aMontanari,$bMassimo$f<1949- > 801 0$aIT$bUNINA$gRICA$2UNIMARC 901 $aBK 912 $a990004028180403321 952 $a333.75 AND 1$bBibl.25945$fFLFBC 959 $aFLFBC 996 $aBosco nel Medioevo$977412 997 $aUNINA LEADER 01480nas 2200433-a 450 001 996321293703316 005 20240413013755.0 035 $a(CKB)1000000000313046 035 $a(CONSER)--2006313193 035 $a(DE-599)ZDB2617097-8 035 $a(EXLCZ)991000000000313046 100 $a20060713a19879999 --- - 101 0 $apor 181 $ctxt$2rdacontent 182 $cc$2rdamedia 183 $acr$2rdacarrier 200 00$aCadernos saúde coletiva 210 $aRio de Janeiro, RJ $cNESC/UFRJ 210 3 $aRio de Janeiro $cUniversidade Federal do Rio de Janeiro, Instituto de Estudos em Saúde Coletiva 215 $a1 online resource 311 08$aPrint version: Cadernos saúde coletiva. 1414-462X (DLC) 2006313193 (OCoLC)70296519 517 3 $aSaúde coletiva 531 0 $aCad. Saúde Colet. 606 $aPublic health$zBrazil$vPeriodicals 606 $aPublic Health 606 $aPublic health$2fast$3(OCoLC)fst01082238 607 $aBrazil$2fast 608 $aPeriodical. 608 $aPeriodicals.$2fast 615 0$aPublic health 615 12$aPublic Health. 615 7$aPublic health. 712 02$aUniversidade Federal do Rio de Janeiro.$bNúcleo de Estudos em Saúde Coletiva. 712 02$aUniversidade Federal do Rio de Janeiro.$bInstituto de Estudos em Saúde Coletiva. 906 $aJOURNAL 912 $a996321293703316 920 $aexl_impl conversion 996 $aCadernos saúde coletiva$92579192 997 $aUNISA